Szeretet
Elmentve itt :
| Szerző: | |
|---|---|
| Dokumentumtípus: | Cikk |
| Megjelent: |
1939
|
| Sorozat: | Magyar lélek : a magyar népművelők országos folyóirata
1 No. 2 |
| Kulcsszavak: | Irodalomtudomány |
| Online Access: | http://misc.bibl.u-szeged.hu/1748 |
| LEADER | 00565nab a2200169 i 4500 | ||
|---|---|---|---|
| 001 | misc1748 | ||
| 005 | 20191106142019.0 | ||
| 008 | 170607s1939 hu o 0|| hun d | ||
| 040 | |a SZTE Miscellanea Repozitórium |b hun | ||
| 041 | |a hun | ||
| 100 | 1 | |a Hankiss János | |
| 245 | 1 | 0 | |a Szeretet |h [elektronikus dokumentum] / |c Hankiss János |
| 260 | |c 1939 | ||
| 300 | |a 8 | ||
| 490 | 0 | |a Magyar lélek : a magyar népművelők országos folyóirata |v 1 No. 2 | |
| 695 | |a Irodalomtudomány | ||
| 856 | 4 | 0 | |u http://misc.bibl.u-szeged.hu/1748/1/magyar_lelek_001_002_008.pdf |z Dokumentum-elérés |